01143cam a22003494i 4500003000900000005001700009008004100026035001900067040003300086082002300119100003400142245005200176264007700228300002800305336002100333337002500354338002300379505021800402526001000620526001000630526001000640526001000650526000800660526000800668526000800676526000800684526000800692526000800700526000800708630006300716650001400779PE-LiUPU20250731173138.0150623s r 000 0 d a(Sirsi) a27098 aPE-LiUPUbspacPE-LiUPUerda04a222.530 7bD642211 aDe Vries, Simon John,eautor.10aProphet against prophet /cSimon John De Vries. 1aGrand Rapids, Michigan :bWilliam B, Eerdmans Publishing Company,c1978. a162 páginas ;c23 cm. atext2rdacontent aunmediated2rdamedia avolume2rdacarrier0 aThe present state of the question. The text. Literary analysis. The independent Micaiah narratives. Analysis of form and ideology. The history of the Micaiah tradition. Redaction history. Theological perspectives. aSEG42 aSEG41 aSEG40 aSEG39 aP94 aP87 aP86 aP85 aP77 aP76 aP35 aBiblia.pA.T.pReyes IIxCrítica, interpretación, etc.04aProfetas.